[Event "Vecindario Montalvo Memorial 17th"]
[Site "Vecindario"]
[Date "2025.04.19"]
[Round "8"]
[White "Hernando Rodrigo, Jose Maria"]
[Black "Blanco Barros, Juan Carlos"]
[Result "1/2-1/2"]
[WhiteElo "2256"]
[BlackElo "1941"]
[PlyCount "97"]
[EventDate "2025.04.12"]
[EventType "swiss"]
[EventRounds "9"]
[EventCountry "ESP"]
[SourceTitle "CB17_2025"]
[SourceDate "2025.04.23"]
[SourceVersion "1"]
[SourceVersionDate "2025.04.23"]
[SourceQuality "1"]

1. d4 f5 2. g3 Nf6 3. Bg2 g6 4. Nh3 Bg7 5. Nf4 0-0 6. h4 d6 7. d5 Qe8 8. h5 g5 9. h6 Bh8 10. Nh3 g4 11. Nf4 c6 12. Nc3 Na6 13. Be3 Nc7 14. Qd3 Bd7 15. 0-0-0 c5 16. Ne6 Nb5 17. Nxb5 Bxb5 18. Qxf5 Bd7 19. Qg5+ Kf7 20. Nxf8 Qxf8 21. f3 Qd8 22. fxg4 Qa5 23. Qf4 Qxa2 24. g5 Kg8 25. gxf6 Bxf6 26. Kd2 Qxb2 27. Qc4 b5 28. Qb3 Qe5 29. Bf4 Qd4+ 30. Ke1 c4 31. Rxd4 cxb3 32. Rd3 b2 33. Kd2 a5 34. c3 a4 35. Kc2 a3 36. Rd4 Bxd4 37. cxd4 b4 38. Bd2 Rc8+ 39. Kb1 Rc4 40. Be4 b3 41. Bd3 Rc2 42. Bxc2 bxc2+ 43. Kxc2 Bf5+ 44. Kb3 b1Q+ 45. Rxb1 Bxb1 46. Kxa3 Be4 47. Kb4 Bxd5 48. Kc3 Be4 49. Bf4 1/2-1/2

[Event "Vecindario Montalvo Memorial 17th"]
[Site "Vecindario"]
[Date "2025.04.18"]
[Round "7"]
[White "Blanco Barros, Juan Carlos"]
[Black "Tytynnik, Artem"]
[Result "0-1"]
[WhiteElo "1941"]
[BlackElo "2209"]
[PlyCount "56"]
[EventDate "2025.04.12"]
[EventType "swiss"]
[EventRounds "9"]
[EventCountry "ESP"]
[SourceTitle "CB17_2025"]
[SourceDate "2025.04.23"]
[SourceVersion "1"]
[SourceVersionDate "2025.04.23"]
[SourceQuality "1"]

1. e4 c5 2. Nc3 d6 3. f4 Nf6 4. Nf3 g6 5. Bc4 Bg7 6. d3 Nc6 7. 0-0 0-0 8. Qe1 Na5 9. f5 Nxc4 10. dxc4 gxf5 11. Qh4 fxe4 12. Bh6 Bxh6 13. Qxh6 exf3 14. Rxf3 Kh8 15. Rxf6 exf6 16. Nd5 Rg8 17. Nxf6 Rg7 18. Re1 Bf5 19. h4 Qf8 20. Kh1 Bxc2 21. g4 Rg8 22. Qf4 Ba4 23. h5 Bc6+ 24. Kh2 Qg7 25. Qf5 Rae8 26. Rxe8 Rxe8 27. Kh3 Re3+ 28. Kh4 h6 0-1